[Event "EYTCC U12 Open 2019"]
[Site "Pardubice"]
[Date "2019.07.17"]
[Round "7.13"]
[White "Finek, Vaclav"]
[Black "Bakiev, Diyor"]
[Result "1-0"]
[WhiteElo "2043"]
[BlackElo "2121"]
[Annotator "ChessBase"]
[PlyCount "87"]
[EventDate "2019.07.11"]
[EventType "swiss"]
[EventCountry "CZE"]
[SourceTitle "playchess.com"]
[Source "ChessBase"]
[SourceQuality "1"]
[WhiteTeam "Czech Republic"]
[BlackTeam "Germany"]
[WhiteTeamCountry "CZE"]
[BlackTeamCountry "GER"]
[TimeControl "40/5400+30:1800+30"]

1. d4 {[%emt 0:00:00]} Nf6 {[%emt 0:00:00]} 2. c4 {[%emt 0:00:00]} g6 {[%emt 0:00:00]} 3. Nf3 {[%emt 0:00:00]} Bg7 {[%emt 0:00:11]} 4. g3 {[%emt 0:00:00]} O-O {[%emt 0:00:17]} 5. Bg2 {[%emt 0:00:00]} d6 {[%emt 0:00:20]} 6. O-O {[%emt 0:00:00]} Nbd7 {[%emt 0:00:26]} 7. Nc3 {[%emt 0:00:44]} e5 {[%emt 0:00:18]} 8. e4 {[%emt 0:00:39]} c6 {[%emt 0:00:23]} 9. h3 {[%emt 0:00:43]} Qb6 {[%emt 0:00:19]} 10. Re1 {[%emt 0:03:07]} exd4 {[%emt 0:01:14]} 11. Nxd4 {[%emt 0:00:16]} Ne5 {[%emt 0:00:25]} 12. b3 {[%emt 0:03:05]} Nfd7 {[%emt 0:03:43]} 13. Be3 {[%emt 0:04:23]} Nc5 {[%emt 0:03:14]} 14. Qc2 {[%emt 0:02:45]} Qc7 {[%emt 0:20:18]} 15. Rad1 {[%emt 0:02:56]} a5 {[%emt 0:03:55]} 16. Re2 {[%emt 0:08:25]} Re8 {[%emt 0:16:20]} 17. Red2 {[%emt 0:07:50]} Bf8 {[%emt 0:02:03]} 18. Kh2 {[%emt 0:04:52]} Ne6 {[%emt 0:07:11]} 19. Nce2 {[%emt 0:06:12]} Nxd4 {[%emt 0:03:59]} 20. Bxd4 {[%emt 0:02:47]} a4 {[%emt 0:02:42]} 21. f4 {[%emt 0:01:52]} Nd7 {[%emt 0:01:19]} 22. Bb2 {[%emt 0:03:31]} f6 {[%emt 0:04:56]} 23. Nc1 {[%emt 0:04:21]} Kg7 {[%emt 0:02:13]} 24. Nd3 {[%emt 0:02:29]} axb3 {[%emt 0:03:32]} 25. axb3 {[%emt 0:00:14]} Nc5 {[%emt 0:00:43]} 26. Nxc5 {[%emt 0:02:29]} dxc5 {[%emt 0:00:10]} 27. Qc3 {[%emt 0:02:05]} Qf7 {[%emt 0:02:42]} 28. g4 {[%emt 0:06:33]} Be7 {[%emt 0:03:05]} 29. g5 {[%emt 0:02:09]} Be6 {[%emt 0:02:40]} 30. Rd7 {[%emt 0:06:42]} Bxd7 {[%emt 0:08:39]} 31. Rxd7 {[%emt 0:02:58]} h5 {[%emt 0:04:22]} 32. gxf6+ {[%emt 0:03:06]} Kh7 {[%emt 0:00:15]} 33. Qe5 {[%emt 0:03:38]} Rad8 {[%emt 0:02:08]} 34. Rxb7 {[%emt 0:01:55]} Kh6 {[%emt 0:01:38]} 35. fxe7 {[%emt 0:02:35]} Rd2 {[%emt 0:00:45]} 36. Bc1 {[%emt 0:00:31]} Ra2 {[%emt 0:00:37]} 37. Rb8 {[%emt 0:03:28]} Kh7 {[%emt 0:00:52]} 38. Rxe8 {[%emt 0:00:43]} Qxe8 {[%emt 0:00:00]} 39. Bb2 {[%emt 0:00:30]} Rxb2 {[%emt 0:01:04]} 40. Qxb2 {[%emt 0:00:11]} Qxe7 {[%emt 0:00:31]} 41. Qe5 {[%emt 0:30:22]} Qf7 {[%emt 0:30:11]} 42. f5 {[%emt 0:00:10]} h4 {[%emt 0:00:43]} 43. fxg6+ {[%emt 0:00:22]} Qxg6 {[%emt 0:00:35]} 44. Qf5 {[%emt 0:00:14]} 1-0

[Event "EYTCC U12 Open 2019"]
[Site "Pardubice"]
[Date "2019.07.17"]
[Round "7.14"]
[White "Costa, Leonardo"]
[Black "Nemec, Jachym"]
[Result "1/2-1/2"]
[WhiteElo "2002"]
[BlackElo "1927"]
[Annotator "NA"]
[PlyCount "66"]
[EventDate "2019.07.11"]
[EventType "swiss"]
[EventCountry "CZE"]
[SourceTitle "playchess.com"]
[Source "ChessBase"]
[SourceQuality "1"]
[WhiteTeam "Germany"]
[BlackTeam "Czech Republic"]
[WhiteTeamCountry "GER"]
[BlackTeamCountry "CZE"]
[TimeControl "40/5400+30:1800+30"]

1. e4 {[%emt 0:00:00]} c5 {[%emt 0:00:00]} 2. Nf3 {[%emt 0:00:00]} Nc6 {[%emt 0:00:56]} 3. d4 {[%emt 0:00:03]} cxd4 {[%emt 0:00:07]} 4. Nxd4 {[%emt 0:00:06]} g6 {[%emt 0:00:09]} 5. Nxc6 {[%emt 0:01:00]} dxc6 {[%emt 0:06:37]} 6. Qxd8+ {[%emt 0:02:03]} Kxd8 {[%emt 0:00:06]} 7. Bc4 {[%emt 0:03:08]} Nf6 {[%emt 0:01:25]} 8. f3 {[%emt 0:21:30]} Bg7 {[%emt 0:00:43]} 9. Nc3 {[%emt 0:02:07]} Ke8 {[%emt 0:02:48]} 10. Be3 {[%emt 0:02:06]} b5 {[%emt 0:00:44]} 11. Bb3 {[%emt 0:00:41]} Nd7 {[%emt 0:00:18]} 12. O-O-O {[%emt 0:07:32]} a5 {[%emt 0:01:03]} 13. a3 {[%emt 0:04:20]} Ba6 {[%emt 0:00:20]} 14. Bxf7+ {[%emt 0:02:46]} Kxf7 {[%emt 0:00:25]} 15. Rxd7 {[%emt 0:00:06]} Be5 {[%emt 0:17:29]} 16. Bc5 {[%emt 0:12:12]} Rhe8 {[%emt 0:01:44]} 17. g3 {[%emt 0:05:27]} Bc8 {[%emt 0:05:21]} 18. Ra7 {[%emt 0:03:42]} Rxa7 {[%emt 0:00:58]} 19. Bxa7 {[%emt 0:00:05]} Bh3 {[%emt 0:04:41]} 20. f4 {[%emt 0:04:56]} Bxc3 {[%emt 0:00:32]} 21. bxc3 {[%emt 0:00:04]} e5 {[%emt 0:00:12]} 22. Re1 {[%emt 0:02:59]} exf4 {[%emt 0:02:00]} 23. gxf4 {[%emt 0:00:07]} Bg2 {[%emt 0:00:12]} 24. e5 {[%emt 0:00:48]} Bd5 {[%emt 0:00:28]} 25. Kd2 {[%emt 0:04:34]} Ke6 {[%emt 0:00:59]} 26. a4 {[%emt 0:04:08]} Kf5 {[%emt 0:06:06]} 27. axb5 {[%emt 0:02:48]} cxb5 {[%emt 0:00:15]} 28. Ke3 {[%emt 0:01:53]} Rc8 {[%emt 0:00:53]} 29. Kd4 {[%emt 0:01:53]} Bc4 {[%emt 0:05:14]} 30. e6 {[%emt 0:02:35]} Bxe6 {[%emt 0:05:56]} 31. Re5+ {[%emt 0:00:05]} Kf6 {[%emt 0:00:05]} 32. Rxb5 {[%emt 0:00:04]} Rc4+ {[%emt 0:00:17]} 33. Kd3 {[%emt 0:01:24]} Rxf4 1/2-1/2

[Event "EYTCC U12 Open 2019"]
[Site "Pardubice"]
[Date "2019.07.17"]
[Round "7.15"]
[White "Brozka, Karel"]
[Black "Deuer, Marius"]
[Result "1-0"]
[WhiteElo "1816"]
[BlackElo "1881"]
[Annotator "NA"]
[PlyCount "113"]
[EventDate "2019.07.11"]
[EventType "swiss"]
[EventCountry "CZE"]
[SourceTitle "playchess.com"]
[Source "ChessBase"]
[SourceQuality "1"]
[WhiteTeam "Czech Republic"]
[BlackTeam "Germany"]
[WhiteTeamCountry "CZE"]
[BlackTeamCountry "GER"]
[TimeControl "40/5400+30:1800+30"]

1. d4 {[%emt 0:00:00]} Nf6 {[%emt 0:00:00]} 2. Nf3 {[%emt 0:00:26]} e6 {[%emt 0:00:00]} 3. c4 {[%emt 0:00:47]} Bb4+ {[%emt 0:00:00]} 4. Bd2 {[%emt 0:01:12]} Qe7 {[%emt 0:00:07]} 5. Nc3 {[%emt 0:00:57]} Bxc3 {[%emt 0:02:00]} 6. Bxc3 {[%emt 0:00:30]} Ne4 {[%emt 0:00:08]} 7. Qc2 {[%emt 0:01:09]} Nxc3 {[%emt 0:00:12]} 8. Qxc3 {[%emt 0:00:45]} d6 {[%emt 0:01:29]} 9. e4 {[%emt 0:00:51]} Nd7 {[%emt 0:01:11]} 10. Bd3 {[%emt 0:01:05]} e5 {[%emt 0:01:52]} 11. O-O {[%emt 0:00:24]} O-O {[%emt 0:01:59]} 12. b4 {[%emt 0:02:58]} b6 {[%emt 0:07:31]} 13. Rae1 {[%emt 0:11:01]} c5 {[%emt 0:06:46]} 14. bxc5 {[%emt 0:08:22]} bxc5 {[%emt 0:00:35]} 15. d5 {[%emt 0:00:20]} g6 {[%emt 0:04:16]} 16. Nd2 {[%emt 0:04:41]} Qg5 {[%emt 0:07:34]} 17. g3 {[%emt 0:03:07]} Nf6 {[%emt 0:09:08]} 18. f4 {[%emt 0:05:02]} exf4 {[%emt 0:01:03]} 19. Nf3 {[%emt 0:02:52]} Nxd5 {[%emt 0:06:17]} 20. exd5 {[%emt 0:01:23]} Qh6 {[%emt 0:07:34]} 21. Qf6 {[%emt 0:06:53]} fxg3 {[%emt 0:02:06]} 22. hxg3 {[%emt 0:02:39]} Bh3 {[%emt 0:03:46]} 23. Rf2 {[%emt 0:00:18]} Rae8 {[%emt 0:02:24]} 24. Re7 {[%emt 0:08:09]} Qh5 {[%emt 0:06:47]} 25. Ng5 {[%emt 0:15:24]} Rxe7 {[%emt 0:02:19]} 26. Qxe7 {[%emt 0:00:12]} Qg4 {[%emt 0:00:30]} 27. Kh2 {[%emt 0:00:42]} Qd7 {[%emt 0:03:54]} 28. Qxd7 {[%emt 0:01:57]} Bxd7 {[%emt 0:00:06]} 29. Rf6 {[%emt 0:00:44]} Bg4 {[%emt 0:03:52]} 30. Kg2 {[%emt 0:09:49]} Rb8 {[%emt 0:03:25]} 31. Rf2 {[%emt 0:02:53]} Rb7 {[%emt 0:02:56]} 32. Ne4 {[%emt 0:00:52]} f5 {[%emt 0:01:41]} 33. Nxd6 {[%emt 0:01:44]} Re7 {[%emt 0:00:27]} 34. Rb2 {[%emt 0:03:02]} Re3 {[%emt 0:01:39]} 35. Bf1 {[%emt 0:00:20]} h5 {[%emt 0:01:22]} 36. Rb3 {[%emt 0:01:53]} Re1 {[%emt 0:01:28]} 37. Rb8+ {[%emt 0:00:30]} Kg7 {[%emt 0:00:16]} 38. Rb7+ {[%emt 0:00:14]} Kg8 {[%emt 0:00:54]} 39. Rc7 {[%emt 0:01:24]} g5 {[%emt 0:00:37]} 40. Rc8+ {[%emt 0:00:52]} Kg7 {[%emt 0:00:23]} 41. Rc7+ {[%emt 0:30:05]} Kg6 {[%emt 0:30:45]} 42. Nf7 {[%emt 0:00:00]} h4 {[%emt 0:00:00]} 43. gxh4 {[%emt 0:00:00]} gxh4 {[%emt 0:00:00]} 44. Kf2 {[%emt 0:00:00]} Rb1 {[%emt 0:00:00]} 45. d6 {[%emt 0:00:00]} Rb2+ {[%emt 0:00:00]} 46. Ke3 {[%emt 0:00:00]} h3 {[%emt 0:00:00]} 47. Ne5+ {[%emt 0:00:00]} Kf6 {[%emt 0:00:00]} 48. d7 {[%emt 0:00:00]} f4+ {[%emt 0:00:00]} 49. Kxf4 {[%emt 0:00:00]} Bxd7 {[%emt 0:00:00]} 50. Nxd7+ {[%emt 0:00:00]} Ke7 {[%emt 0:00:00]} 51. Bxh3 {[%emt 0:00:00]} Rxa2 {[%emt 0:00:00]} 52. Ne5+ {[%emt 0:00:00]} Ke8 {[%emt 0:00:00]} 53. Rxc5 {[%emt 0:00:00]} a5 {[%emt 0:00:00]} 54. Bd7+ {[%emt 0:00:00]} Kf8 {[%emt 0:00:00]} 55. Kf5 {[%emt 0:00:00]} a4 {[%emt 0:00:00]} 56. Kf6 {[%emt 0:00:00]} Rf2+ {[%emt 0:00:00]} 57. Bf5 {[%emt 0:00:00]} 1-0

[Event "EYTCC U12 Open 2019"]
[Site "Pardubice"]
[Date "2019.07.17"]
[Round "7.16"]
[White "Hagner, Bennet"]
[Black "Werner, Hong Quan Dan"]
[Result "1-0"]
[WhiteElo "1831"]
[BlackElo "1734"]
[Annotator "NA"]
[PlyCount "53"]
[EventDate "2019.07.11"]
[EventType "swiss"]
[EventCountry "CZE"]
[SourceTitle "playchess.com"]
[Source "ChessBase"]
[SourceQuality "1"]
[WhiteTeam "Germany"]
[BlackTeam "Czech Republic"]
[WhiteTeamCountry "GER"]
[BlackTeamCountry "CZE"]
[TimeControl "40/5400+30:1800+30"]

1. e4 c5 2. Nf3 Nc6 3. d4 cxd4 4. Nxd4 e5 5. Nb5 d6 6. N1c3 Nf6 7. Nd5 Nxd5 8. exd5 Nb8 9. c4 Be7 10. Bd3 a6 11. Nc3 O-O 12. O-O f5 13. Bc2 Bf6 14. b3 e4 15. Bb2 Nd7 16. f3 Qb6+ 17. Kh1 Nc5 18. fxe4 Nxe4 19. Bxe4 fxe4 20. Qe2 Re8 21. Rxf6 gxf6 22. Nxe4 Kf8 23. Bxf6 Qc7 24. Rf1 Qf7 25. Bg7+ Kxg7 26. Rxf7+ Kg8 27. Nf6+ 1-0

[Event "EYTCC U12 Open 2019"]
[Site "Pardubice"]
[Date "2019.07.17"]
[Round "7.17"]
[White "Strybuk, Artsiom I"]
[Black "Day, Tobias"]
[Result "1-0"]
[WhiteElo "2193"]
[BlackElo "1826"]
[Annotator "TA"]
[PlyCount "47"]
[EventDate "2019.07.11"]
[EventType "swiss"]
[EventCountry "CZE"]
[SourceTitle "playchess.com"]
[Source "ChessBase"]
[SourceQuality "1"]
[WhiteTeam "Belarus"]
[BlackTeam "Czech Republic"]
[WhiteTeamCountry "BLR"]
[BlackTeamCountry "CZE"]

{[%evp 9,47,10,24,0,6,6,22,5,40,37,62,50,52,-17,67,39,79,70,106,172,166,145,195,178,340,340,330,319,435,442,533,519,539,527,526,522,943,926,29986,29986]} 1. d4 f5 2. Nf3 Nf6 3. e3 g6 4. b3 Bg7 5. Bb2 d6 6. Be2 {A80: Dutch Defence: Unusual White second moves} e6 (6... O-O 7. O-O e6 8. c4 Qe7 9. Nc3 b6 10. Qc2 Bb7 11. Rfd1 Nbd7 12. b4 Ne4 13. d5 Nxc3 14. Bxc3 Bxc3 15. Qxc3 {1-0 (42) Shankland,S (2671)-Shabalov,A (2561) Greensboro 2017}) 7. O-O Qe7 8. c4 {The position is equal.} Bd7 $146 ({Predecessor:} 8... Nc6 9. Nc3 Bd7 10. a3 O-O {0-1 (22) Nalbantoglu,H (2041)-Van der Elburg,F (2278) Kemer 2007}) 9. Nc3 h6 10. Nh4 Qf7 11. Bf3 ({White should play} 11. b4 $14) 11... c6 (11... Nc6 $11) 12. e4 $36 {[%mdl 2048] White has some pressure.} g5 13. e5 dxe5 14. dxe5 Ng4 {[#]} 15. h3 $1 ({Don't do} 15. Bxg4 $6 fxg4 16. Ne4 (16. Qxg4 gxh4 17. Ne4 O-O $14) 16... O-O $16) 15... gxh4 16. hxg4 Bxe5 $2 (16... O-O {keeps fighting.} 17. Qe2 Qe7) 17. Nb5 $18 {[%mdl 64] Discovered Attack} cxb5 18. Bxe5 Rg8 19. Bxb7 Nc6 20. Bxa8 Nxe5 21. Qd6 Nxg4 22. Rad1 bxc4 {If Black can now play ...Qe7 this consolidates a bit.} 23. Bc6 {[%cal Rc6d7]} Nf6 {[#]} 24. Rfe1 $1 {[%mdl 512] Accuracy: White = 44%, Black = 19%.} 1-0

[Event "EYTCC U12 Open 2019"]
[Site "Pardubice"]
[Date "2019.07.17"]
[Round "7.18"]
[White "Winter, Ondrej"]
[Black "Navumenka, Mikhei"]
[Result "1-0"]
[WhiteElo "1725"]
[BlackElo "2196"]
[Annotator "TA"]
[PlyCount "137"]
[EventDate "2019.07.11"]
[EventType "swiss"]
[EventCountry "CZE"]
[SourceTitle "playchess.com"]
[Source "ChessBase"]
[SourceQuality "1"]
[WhiteTeam "Czech Republic"]
[BlackTeam "Belarus"]
[WhiteTeamCountry "CZE"]
[BlackTeamCountry "BLR"]

{[%evp 9,137,-3,27,21,36,30,33,15,9,0,11,-11,-8,-20,-10,-35,-27,-20,0,-6,8,14,7,-15,-12,-27,-22,-24,0,-34,-30,-108,-102,-92,-87,-79,-79,-86,-72,-76,-8,-22,-25,-4,0,-4,-6,-14,-7,-8,-10,0,0,0,0,-50,-48,-106,-66,-58,0,0,0,0,0,0,0,-26,-27,-67,-62,-65,-43,-45,-34,-44,-36,-29,-2,-49,-68,-67,0,-4,0,0,48,50,55,60,68,15,22,24,98,88,109,120,216,210,222,224,490,475,540,517,415,360,320,331,720,128,130,129,81,0,0,-1113,0,-89,0,0,1935,2019,29978,29979,29979,29980,29978,29979]} 1. e4 e6 2. d4 d5 3. Nd2 Be7 4. Bd3 c5 5. exd5 (5. dxc5 Nf6 6. Ngf3 dxe4 7. Nxe4 Nxe4 8. Bxe4 Qxd1+ 9. Kxd1 Bxc5 10. Ke2 Nd7 11. Be3 Bxe3 12. Kxe3 Nc5 13. Rhd1 Ke7 14. Bd3 f6 15. Bc4 Bd7 16. b4 Na4 17. Rxd7+ Kxd7 18. Bb5+ {½-½ (52) Svidler,P (2753)-Yu,Y (2759) Shenzhen 2018}) 5... exd5 6. dxc5 {C03: French Tarrasch: Unusual Black 3rd moves} Nf6 7. Ngf3 O-O 8. h3 {White is slightly better.} Nbd7 9. Nb3 (9. b4 {keeps more tension.} a5 10. c3 Qc7 11. O-O b6 12. Re1) 9... Nxc5 10. Nxc5 Bxc5 11. O-O Ne4 $146 ({Predecessor:} 11... Qb6 12. c3 Ne4 13. Nd4 Bxd4 14. cxd4 Qxd4 {0-1 (68) Najbar,M (2210)-Kuraszkiewicz,M (2325) Warsaw 2010}) 12. Be3 Bxe3 13. fxe3 Ng3 14. Re1 Bf5 (14... Re8 {with more complications.} 15. Nd4 Ne4 16. Rf1 Nf6 17. Qf3 Re5) 15. Bxf5 Nxf5 16. Nd4 Nd6 17. Qf3 Ne4 18. Rad1 g6 19. Rf1 Rc8 20. g3 (20. Qf4 $11) 20... Qb6 21. b3 Qc7 22. Kg2 Qa5 23. Qf4 a6 24. a4 b5 (24... Qc5 $17) 25. axb5 $11 axb5 26. h4 Qc7 (26... Qb6 {feels hotter.} 27. Ra1 h5 28. Ra2 Rc3 29. Raa1 Qc7) 27. Qxc7 Rxc7 28. Ra1 Re8 29. Ra5 Nc3 30. Kf3 b4 31. Re1 Rce7 32. Nc6 Re4 33. Kf2 ({White should play} 33. Kg2 $15) 33... Kg7 34. Ra7 Rg4 (34... R8e6 $15 35. Nd4 Rf6+ 36. Kg2 Rg4) 35. Kg2 Ne4 36. Rf1 $1 {[%cal Rf1f7]} Nd6 37. Rf3 Rge4 38. Rd7 Nf5 39. Nd4 Nxe3+ 40. Kh3 R8e7 41. Rxe7 Rxe7 $15 {[%mdl 4096] Endgame KRN-KRN} 42. Nc6 Re4 43. Nxb4 $1 d4 44. Rf4 f5 45. Rf2 Ng4 (45... Kf6 $1 $15) 46. Rd2 $11 Re3 47. Kg2 ({Avoid the trap} 47. Rxd4 $2 Re2 $19) 47... Ne5 48. Rxd4 Re2+ 49. Kf1 $1 {[%cal Rf1e2]} Rh2 $1 50. Rf4 ({White should try} 50. c4 $14) 50... Ng4 51. Rf3 h5 (51... Kf7 $11) 52. c4 Rh1+ 53. Ke2 Kf6 (53... Rh2+ $16 {was called for.} 54. Ke1 Nf6) 54. Rc3 $18 {Black must now prevent c5.} Rh2+ 55. Kd3 Ke5 $2 {[#]} (55... f4 {is a better defense.} 56. Nd5+ (56. gxf4 Ke6 $16) 56... Kf5) 56. c5 $1 Nf2+ 57. Kc4 Ne4 58. Rc2 Rxc2+ 59. Nxc2 Nxg3 $2 {KN-KN} (59... Nd2+ 60. Kb4 Ke6 61. Nd4+ Kd5) 60. Kb5 $2 (60. b4 $18 {and the rest is easy. Hoping for b5.} Ne4 61. b5 Nd2+ 62. Kb4) 60... f4 $16 61. Ne1 Nf5 {[#]} 62. Nd3+ (62. b4 $1 $16) 62... Ke4 $11 63. Ne1 $2 {[%mdl 8192]} (63. Kc4 $11) 63... Kd5 $2 (63... g5 $19 64. hxg5 h4) 64. b4 (64. Nf3 $11) 64... Nd4+ (64... Nxh4 $17 65. c6 Nf5) 65. Kb6 Kc4 $2 {[%mdl 8192]} (65... f3 $11 66. Nd3 Kc4 67. Ne5+ Kd5) 66. c6 $18 Nxc6 67. Kxc6 {White mates.} Kxb4 68. Kd5 Kc3 69. Ke4 {Accuracy: White = 49%, Black = 35%.} 1-0

[Event "EYTCC U12 Open 2019"]
[Site "Pardubice"]
[Date "2019.07.17"]
[Round "7.19"]
[White "Bialiauski, Artsiom"]
[Black "Hladky, Tadeas"]
[Result "1-0"]
[WhiteElo "1784"]
[BlackElo "1638"]
[Annotator "NA"]
[PlyCount "49"]
[EventDate "2019.07.11"]
[EventType "swiss"]
[EventCountry "CZE"]
[SourceTitle "playchess.com"]
[Source "ChessBase"]
[SourceQuality "1"]
[WhiteTeam "Belarus"]
[BlackTeam "Czech Republic"]
[WhiteTeamCountry "BLR"]
[BlackTeamCountry "CZE"]
[TimeControl "40/5400+30:1800+30"]

1. d4 {[%emt 0:00:00]} Nf6 {[%emt 0:00:00]} 2. Nf3 {[%emt 0:00:30]} g6 {[%emt 0:00:00]} 3. c4 {[%emt 0:00:11]} Bg7 {[%emt 0:00:00]} 4. Nc3 {[%emt 0:00:40]} d5 {[%emt 0:00:00]} 5. Bf4 {[%emt 0:01:45]} dxc4 {[%emt 0:00:59]} 6. e3 {[%emt 0:00:32]} Be6 {[%emt 0:00:06]} 7. Ng5 {[%emt 0:04:08]} Bd5 {[%emt 0:01:36]} 8. e4 {[%emt 0:00:51]} h6 {[%emt 0:00:02]} 9. exd5 {[%emt 0:02:13]} hxg5 {[%emt 0:00:04]} 10. Be5 {[%emt 0:04:15]} O-O {[%emt 0:08:55]} 11. Bxc4 {[%emt 0:00:19]} Nfd7 {[%emt 0:01:11]} 12. Bxg7 {[%emt 0:00:28]} Kxg7 {[%emt 0:00:09]} 13. O-O {[%emt 0:01:16]} Nb6 {[%emt 0:00:25]} 14. Bb3 {[%emt 0:00:18]} N8d7 {[%emt 0:07:14]} 15. Re1 {[%emt 0:01:22]} Rc8 {[%emt 0:02:12]} 16. Qg4 {[%emt 0:06:16]} Nf6 {[%emt 0:01:29]} 17. Qxg5 {[%emt 0:01:44]} Rh8 {[%emt 0:01:11]} 18. Qe5 {[%emt 0:07:49]} Qd6 {[%emt 0:06:27]} 19. h3 {[%emt 0:04:27]} Rce8 {[%emt 0:04:18]} 20. Nb5 {[%emt 0:11:38]} Qxe5 {[%emt 0:00:54]} 21. Rxe5 {[%emt 0:00:11]} a6 {[%emt 0:02:28]} 22. Nxc7 {[%emt 0:01:17]} Rc8 {[%emt 0:00:07]} 23. Rxe7 {[%emt 0:00:06]} Ng8 {[%emt 0:00:12]} 24. Ne6+ {[%emt 0:00:04]} Kf6 {[%emt 0:02:27]} 25. Rxb7 {[%emt 0:00:05]} 1-0

[Event "EYTCC U12 Open 2019"]
[Site "Pardubice"]
[Date "2019.07.17"]
[Round "7.20"]
[White "Mohapl, Tomas"]
[Black "Piatrenka, Ivan"]
[Result "1-0"]
[WhiteElo "1585"]
[BlackElo "1498"]
[Annotator "NA"]
[PlyCount "113"]
[EventDate "2019.07.11"]
[EventType "swiss"]
[EventCountry "CZE"]
[SourceTitle "playchess.com"]
[Source "ChessBase"]
[SourceQuality "1"]
[WhiteTeam "Czech Republic"]
[BlackTeam "Belarus"]
[WhiteTeamCountry "CZE"]
[BlackTeamCountry "BLR"]
[TimeControl "40/5400+30:1800+30"]

1. e4 {[%emt 0:00:00]} d6 {[%emt 0:00:00]} 2. d4 {[%emt 0:00:31]} g6 {[%emt 0:00:00]} 3. Nc3 {[%emt 0:03:49]} Bg7 {[%emt 0:00:00]} 4. Be3 {[%emt 0:04:50]} c6 {[%emt 0:00:20]} 5. Bc4 {[%emt 0:04:42]} Nf6 {[%emt 0:01:47]} 6. f3 {[%emt 0:02:59]} O-O {[%emt 0:04:36]} 7. a4 {[%emt 0:04:57]} e5 {[%emt 0:00:55]} 8. dxe5 {[%emt 0:02:22]} dxe5 {[%emt 0:00:01]} 9. Qxd8 {[%emt 0:03:38]} Rxd8 {[%emt 0:00:00]} 10. Nge2 {[%emt 0:10:01]} Be6 {[%emt 0:07:28]} 11. Bxe6 {[%emt 0:01:37]} fxe6 {[%emt 0:00:03]} 12. Ng3 {[%emt 0:04:20]} Na6 {[%emt 0:04:14]} 13. Na2 {[%emt 0:04:39]} Bf8 {[%emt 0:03:16]} 14. Ke2 {[%emt 0:03:20]} Bc5 {[%emt 0:03:49]} 15. Rad1 {[%emt 0:02:25]} Bd4 {[%emt 0:05:37]} 16. b3 {[%emt 0:05:30]} Rd7 {[%emt 0:04:15]} 17. Bg5 {[%emt 0:02:42]} Rf7 {[%emt 0:02:06]} 18. c3 {[%emt 0:09:12]} Bb6 {[%emt 0:01:20]} 19. b4 {[%emt 0:03:32]} Rd8 {[%emt 0:02:48]} 20. Rxd8+ {[%emt 0:02:30]} Bxd8 {[%emt 0:00:02]} 21. Rd1 {[%emt 0:00:47]} Bc7 {[%emt 0:00:57]} 22. Nf1 {[%emt 0:04:12]} Kg7 {[%emt 0:06:11]} 23. Ne3 {[%emt 0:00:54]} h6 {[%emt 0:00:39]} 24. Bh4 {[%emt 0:01:11]} Nh5 {[%emt 0:00:50]} 25. Bf2 {[%emt 0:03:05]} Nf4+ {[%emt 0:01:13]} 26. Kf1 {[%emt 0:00:07]} Nb8 {[%emt 0:08:25]} 27. Nc4 {[%emt 0:01:25]} a6 {[%emt 0:04:56]} 28. Bb6 {[%emt 0:01:12]} Kf6 {[%emt 0:08:09]} 29. Nc1 {[%emt 0:01:20]} Bxb6 {[%emt 0:02:49]} 30. Nxb6 {[%emt 0:00:06]} Ke7 {[%emt 0:00:08]} 31. Nb3 {[%emt 0:00:34]} Ke8 {[%emt 0:01:12]} 32. Nc5 {[%emt 0:00:13]} a5 {[%emt 0:03:17]} 33. Nc8 {[%emt 0:02:58]} Rc7 {[%emt 0:01:42]} 34. Nd6+ {[%emt 0:00:21]} Ke7 {[%emt 0:00:02]} 35. Ndxb7 {[%emt 0:01:16]} Na6 {[%emt 0:00:52]} 36. bxa5 {[%emt 0:01:35]} Nh5 {[%emt 0:01:24]} 37. Nxa6 {[%emt 0:01:46]} Rxb7 {[%emt 0:00:01]} 38. Nc5 {[%emt 0:00:11]} Ra7 {[%emt 0:00:15]} 39. a6 {[%emt 0:00:45]} Nf6 {[%emt 0:00:01]} 40. Rb1 {[%emt 0:03:24]} Kd6 {[%emt 0:00:24]} 41. Rb7 {[%emt 0:33:58]} Ra8 {[%emt 0:30:13]} 42. Rf7 {[%emt 0:00:00]} Kxc5 {[%emt 0:00:00]} 43. Rxf6 {[%emt 0:00:00]} Rxa6 {[%emt 0:00:00]} 44. Rxe6 {[%emt 0:00:00]} Rxa4 {[%emt 0:00:00]} 45. Rxg6 {[%emt 0:00:00]} Rc4 {[%emt 0:00:00]} 46. Rxh6 {[%emt 0:00:00]} Rxc3 {[%emt 0:00:00]} 47. Ke1 {[%emt 0:00:00]} Kd4 {[%emt 0:00:00]} 48. Kd2 {[%emt 0:00:00]} Ra3 {[%emt 0:00:00]} 49. Rxc6 {[%emt 0:00:00]} Ra1 {[%emt 0:00:00]} 50. Rd6+ {[%emt 0:00:00]} Kc4 {[%emt 0:00:00]} 51. Rd5 {[%emt 0:00:00]} Ra2+ {[%emt 0:00:00]} 52. Ke3 {[%emt 0:00:00]} Rxg2 {[%emt 0:00:00]} 53. Rxe5 {[%emt 0:00:00]} Rxh2 {[%emt 0:00:00]} 54. Rd5 {[%emt 0:00:00]} Rh4 {[%emt 0:00:00]} 55. Rd8 {[%emt 0:00:00]} Kc5 {[%emt 0:00:00]} 56. e5 {[%emt 0:00:00]} Rh5 {[%emt 0:00:00]} 57. Ke4 {[%emt 0:00:00]} 1-0